00950aab a2200157 i 4500001001000000003001000010005001700020008004100037040001900078100003200097245006600129300006700195520040400262653002600666773010000692768714001CO-MdFUSB20250730121912.0250730t1989 ag ||||| |||| 00| 0 spa d bspacCO-MdFUSB1 aRamírez, Elvira deeautor13aEl ministerio educativo de la iglesia c/ Elvira de Ramírez aVolumen 8, número 1 (marzo, 1989), Páginas 32-35 c; 27 cm aHay un método que le es propio a la educación cristiana, si es que tiene como propósito formar integralmente al cristiano en la vida de fe. Este método se basa en el vínculo estrecho entre maestros y alumnos. La presencia del maestro como modelo permite al discípulo no sólo llegar a saber lo que sabe, sino también, por medio de la identificación con él, llegar a ser lo que es. aEducación cristiana0 tIglesia y Misión049402gVolumen 8, número 1 (marzo, 1989), páginas 32 - 35qpáginas 32